| 000 | 00505nam a2200181Ia 4500 | ||
|---|---|---|---|
| 005 | 20250508152455.0 | ||
| 008 | 008 250505s9999 xx 000 0 eng d | ||
| 037 | _aTextual | ||
| 040 |
_aFEDL _beng _cFEDL |
||
| 041 |
_aeng _2eng |
||
| 084 |
_a954.01, BAR _qFEDL |
||
| 100 | _aBarua Beni Madhab | ||
| 245 | 0 | _aAsoka and his inscriptions | |
| 260 |
_aCalcutta, India _bNew Age Publishers Ltd. _c1955 |
||
| 300 | _axxvi,103p | ||
| 942 |
_cTEXL _h954.01, BAR |
||
| 999 |
_c1336648 _d1336648 |
||